000 00323nam a2200133 4500
999 _c11708
_d11708
003 OSt
005 20230717160748.0
008 230717b ||||| |||| 00| 0 eng d
020 _a9788179934579
100 _aAishwarya Tipnis
245 _aVernacular traditions contemporary architecture
260 _bTeri
942 _2ddc